000 00395nam a2200133Ia 4500
008 100328s9999 xx 000 0 und d
082 _b22907
100 _aपटवर्धन वि.अ.-संक्षे.
245 _aमध्यान्ह
260 _bवि.अ.पटर्वान
630 _aमध्यान्ह
730 _aमध्यान्ह
942 _cBOOK
999 _c516721
_d516718